Capitaines des clubs de Ligue 1 (2025-2026) - Statistiques

Statistiques générales
  • Ce quiz a été pris 161 fois
    134 depuis la dernière actualisation
  • Le résultat moyen est 9 sur 18
Statistiques - réponses
Club Joueur Nationalité % Correct
Paris Saint-Germain Marquinhos Brésilien
96%
Olympique Lyonnais Corentin Tolisso Français
91%
OGC Nice Dante Brésilien
91%
Olympique de Marseille Leonardo Balerdi Argentin
90%
LOSC Benjamin André Français
88%
AS Monaco Denis Zakaria Suisse
78%
RC Strasbourg Emanuel Emegha Néerlandais
78%
Stade Brestois Brendan Chardonnet Français
56%
Stade Rennais Valentin Rongier Français
48%
RC Lens Florian Sotoca Français
46%
FC Lorient Laurent Abergel Français
37%
FC Metz Gauthier Hein Français
32%
Angers SCO Haris Belkebla Algérien
28%
Toulouse Djibril Sidibé Français
26%
Le Havre Arouna Sanganté Sénégalais
22%
AJ Auxerre Elisha Owusu Ghanéen
18%
FC Nantes Francis Coquelin Français
13%
Paris FC Timothée Kolodziejczak Français
6%
Aucun quiz correspondant
Distribution des résultats
% des personnes avec chaque résultat
Percentile par nombre de réponses
Votre historique - résultats
Vous n’avez pas pris ce quiz depuis la dernière actualisation